Kadra rep. Polski na mundial 2018 - Statystyki

Ogólne statystyki
  • Ten quiz został rozwiązany 350 razy
  • Średni wynik to 21 z 25
Statystyki odpowiedzi
pozycja # klub piłkarz % Poprawnych
B 1 Juventus Wojciech Szczęsny
100%
N 9 Bayern Robert Lewandowski
99%
N 7 Napoli Arkadiusz Milik
97%
B 22 Swansea Łukasz Fabiański
97%
O 15* Monaco Kamil Glik
96%
O 20 BVB Łukasz Piszczek
96%
P 19 Napoli Piotr Zieliński
96%
P 10 WBA Grzegorz Krychowiak
95%
P 16 Wolfsburg Jakub Błaszczykowski
94%
O 5 Southampton Jan Bednarek
93%
P 11 Hull Kamil Grosicki
93%
O 3 Legia Artur Jędrzejczyk
90%
O 2 Legia Michał Pazdan
89%
selekcjoner - - Adam Nawałka
88%
N 14 Anderlecht Łukasz Teodorczyk
88%
P 13 Lokomotiw Maciej Rybus
88%
O 18 Sampdoria Bartosz Bereszyński
87%
P 8 Sampdoria Karol Linetty
85%
O 4 SPAL Tiago Cionek
85%
N 23 Sampdoria Dawid Kownacki
72%
P 6 Łudogorec Jacek Góralski
72%
B 12 Ipswich Bartosz Białkowski
70%
O 15* Stuttgart Marcin Kamiński
66%
P 17 Lechia Sławomir Peszko
60%
P 21 Górnik Z Rafał Kurzawa
55%
Nie znaleziono quizów pasujących do podanych kryteriów
Rozkład punktacji
Procent ludzi z każdym wynikiem
Percentyl według liczby udzielonych odpowiedzi
Twoja historia wyników
Nie rozwiązałeś tego quizu